| 000 | 00785nam a2200253Ia 4500 | ||
|---|---|---|---|
| 003 | OSt | ||
| 005 | 20220928121947.0 | ||
| 006 | a|||||r|||| 00| 0 | ||
| 007 | ta | ||
| 008 | 220927b |||||||| |||| 00| 0 eng d | ||
| 020 | _c2084.3980000000001 | ||
| 024 | _a100169 | ||
| 037 |
_b263, 11/09/2009, Bharatiya Sahitya Bhavana _cTextual |
||
| 040 |
_aSDCL _cSDCL _beng |
||
| 041 |
_2eng _aeng |
||
| 082 | _aW, P9 | ||
| 100 |
_aZagorski Paul W _9455031 |
||
| 245 | 0 |
_aComparative politics _b Continuity and breakdown in the contemporary World. |
|
| 260 |
_aLondon _bRoutledge _c2009 |
||
| 300 |
_axiii,622p _ccm. |
||
| 650 | _aPolitical Science | ||
| 942 |
_hW, P9 _cTEXL _2CC |
||
| 999 |
_c768719 _d768719 |
||